|
|
|
|
| LEADER |
00000nab a2200000 a 4500 |
| 001 |
vtls000630939 |
| 003 |
SK-MaSNL |
| 005 |
20260319074543.0 |
| 008 |
160401c1997 xo 0 ukr |
| 015 |
|
|
|a SNBRB19rr/mm-uuuuu
|
| 035 |
|
|
|a CL0631078
|
| 040 |
|
|
|a SNKBUCL
|b slo
|c SNKBUCL
|e AACR2
|
| 041 |
0 |
|
|a ukr
|
| 044 |
|
|
|a xo
|c SK
|
| 080 |
|
|
|a 371.1:061.3
|2 1981
|
| 080 |
|
|
|a 37.02
|2 1981
|
| 100 |
1 |
|
|a -lh-
|4 aut
|9 898429
|
| 245 |
1 |
0 |
|a Radylys' učyteli-movnyky
|c -lh-
|
| 300 |
|
|
|b Fotogr. 1
|
| 650 |
0 |
7 |
|a učitelia
|2 snkbucl
|9 3995
|
| 650 |
0 |
7 |
|a pracovníci pedagogickí
|2 snkbucl
|9 851103
|
| 651 |
|
7 |
|a 5402
|2 snkbucl
|9 366935
|
| 655 |
|
7 |
|a články z novín a časopisov
|2 snkbucl
|9 267496
|
| 773 |
0 |
|
|t Nove žyttja
|g Roč. 47, č. 17-18 (1997), s. 1
|
| 850 |
|
|
|a Slovenská národná knižnica v Martine
|a POA001
|
| 852 |
|
|
|a SNK
|b KIS3GCP
|
| 958 |
|
|
|a UK
|
| 958 |
|
|
|a SK
|
| 958 |
|
|
|a RK
|
| 958 |
|
|
|a RBX
|
| 999 |
|
|
|c 1457921
|d 1459851
|